Artpress/ (Record no. 3326)

MARC details
000 -LEADER
campo de control de longitud fija 01732nam a22005297a 4500
003 - IDENTIFICADOR DE NÚMERO DE CONTROL
campo de control OSt
005 - FECHA Y HORA DE LA ÚLTIMA TRANSACCIÓN
campo de control 20230412102559.0
008 - DATOS DE LONGITUD FIJA--INFORMACIÓN GENERAL
campo de control de longitud fija 221006b |||||||| |||| 00| 0 eng d
040 ## - FUENTE DE CATALOGACIÓN
Centro/agencia transcriptor Biblioteca Lado V
082 ## - NÚMERO DE LA CLASIFICACIÓN DECIMAL DEWEY
Número de clasificación 700
Número de ítem K41a
100 ## - ENTRADA PRINCIPAL--NOMBRE DE PERSONA
9 (RLIN) 797
Nombre de persona Kerraoul, Jean Pierre de
Término indicativo de función/relación editor
-- director
245 ## - MENCIÓN DEL TÍTULO
Título Artpress/
Resto del título Gerard Gasiorowski/
260 ## - PUBLICACIÓN, DISTRIBUCIÓN, ETC.
Nombre del editor, distribuidor, etc. Court Gallerie
Fecha de publicación, distribución, etc. 1995
Lugar de publicación, distribución, etc. Paris
300 ## - DESCRIPCIÓN FÍSICA
Dimensiones 21x28cm
Extensión 98p.
366 ## - INFORMACIÓN SOBRE DISPONIBILIDAD COMERCIAL
Nota eng
490 ## - MENCIÓN DE SERIE
Mención de serie 203
Designación de volumen o secuencia 95
-- 1995
Número Internacional Normalizado para Publicaciones Seriadas 0004 3273
505 ## - NOTA DE CONTENIDO CON FORMATO
Título Venise: Biennale news
505 ## - NOTA DE CONTENIDO CON FORMATO
Título Rush
505 ## - NOTA DE CONTENIDO CON FORMATO
Título L'esprit Fluxus
505 ## - NOTA DE CONTENIDO CON FORMATO
Título Christo et Jeanne-Claude l'empaquetague du Reichstag
505 ## - NOTA DE CONTENIDO CON FORMATO
Título Donald Lipski sultan des objects
505 ## - NOTA DE CONTENIDO CON FORMATO
Título dossier
505 ## - NOTA DE CONTENIDO CON FORMATO
Título Venise 95, exposition ouverte
505 ## - NOTA DE CONTENIDO CON FORMATO
Título Cesar a Venise
505 ## - NOTA DE CONTENIDO CON FORMATO
Título Biennale, suite
505 ## - NOTA DE CONTENIDO CON FORMATO
Título Saverio Lucariello
505 ## - NOTA DE CONTENIDO CON FORMATO
Título Jacques Henric
505 ## - NOTA DE CONTENIDO CON FORMATO
Título Claude Ollier
505 ## - NOTA DE CONTENIDO CON FORMATO
Título portrait de Beckett
505 ## - NOTA DE CONTENIDO CON FORMATO
Título Marcellin Pleynet
505 ## - NOTA DE CONTENIDO CON FORMATO
Título Jacqueline Risset
505 ## - NOTA DE CONTENIDO CON FORMATO
Título les livres
505 ## - NOTA DE CONTENIDO CON FORMATO
Título le feuilleton
505 ## - NOTA DE CONTENIDO CON FORMATO
Título la photographie
505 ## - NOTA DE CONTENIDO CON FORMATO
Título la danse
505 ## - NOTA DE CONTENIDO CON FORMATO
Título les expositions
650 ## - PUNTO DE ACCESO ADICIONAL DE MATERIA--TÉRMINO DE MATERIA
Fuente del encabezamiento o término Tesauro de Arte & Arquitectura
Término de materia o nombre geográfico como elemento de entrada ARTE
9 (RLIN) 703
650 ## - PUNTO DE ACCESO ADICIONAL DE MATERIA--TÉRMINO DE MATERIA
Fuente del encabezamiento o término Tesauro de Arte & Arquitectura
Término de materia o nombre geográfico como elemento de entrada EXPOSICIONES
650 ## - PUNTO DE ACCESO ADICIONAL DE MATERIA--TÉRMINO DE MATERIA
Fuente del encabezamiento o término Tesauro de Arte & Arquitectura
Término de materia o nombre geográfico como elemento de entrada BIENAL
650 ## - PUNTO DE ACCESO ADICIONAL DE MATERIA--TÉRMINO DE MATERIA
Fuente del encabezamiento o término Tesauro de Arte & Arquitectura
Término de materia o nombre geográfico como elemento de entrada APRECIACION
650 ## - PUNTO DE ACCESO ADICIONAL DE MATERIA--TÉRMINO DE MATERIA
Fuente del encabezamiento o término Tesauro de Arte & Arquitectura
Término de materia o nombre geográfico como elemento de entrada TEORIA
650 ## - PUNTO DE ACCESO ADICIONAL DE MATERIA--TÉRMINO DE MATERIA
Fuente del encabezamiento o término Tesauro de Arte & Arquitectura
Término de materia o nombre geográfico como elemento de entrada CRITICA
650 ## - PUNTO DE ACCESO ADICIONAL DE MATERIA--TÉRMINO DE MATERIA
Fuente del encabezamiento o término Tesauro de Arte & Arquitectura
Término de materia o nombre geográfico como elemento de entrada FOTOGRAFIA
9 (RLIN) 702
650 ## - PUNTO DE ACCESO ADICIONAL DE MATERIA--TÉRMINO DE MATERIA
Fuente del encabezamiento o término Tesauro de Arte & Arquitectura
Término de materia o nombre geográfico como elemento de entrada LITERATURA
650 ## - PUNTO DE ACCESO ADICIONAL DE MATERIA--TÉRMINO DE MATERIA
Fuente del encabezamiento o término Tesauro de Arte & Arquitectura
Término de materia o nombre geográfico como elemento de entrada PARIS
942 ## - ELEMENTOS DE ENTRADA SECUNDARIOS (KOHA)
Fuente del sistema de clasificación o colocación Clasificación Decimal Dewey
Tipo de ítem Koha Libros
Parte de la signatura que corresponde a la clasificación (Parte de la clasificación) 700
Parte de la signatura que identifica el ejemplar (Parte del ítem) K41a
Suprimir en OPAC No

No items available.